Friends guest de passage - Statistics

General Stats
  • This quiz has been taken 19 times
  • The average score is 21 of 57
Answer Stats
Indice Answer % Correct
Richard Burk Tom Selleck
89%
Paul Stevens, père d'Elizabeth Bruce Willis
83%
Mike Hanigan petit ami de Phoebe PAUL RUDD
78%
Dr Mitchell (urgences) George Clooney
72%
Tommy, petit ami hystérique de Rachel Ben Stiller
67%
Ami de Ross au Lycée (marié à l'une des actrices) Brad Pitt
67%
Jill soeur de Rachel Reese Witherspoon
61%
Cassie, cousine de Ross et Monica Denise Richards
56%
Amy soeur de Rachel Christina Applegate
56%
Acteur du film avec Marcel Jean-Claude Van Damme
56%
Susie Moss, ancienne camarade de classe de Chandler Julia Roberts
56%
client central Perk (sur le canapé) Robin Williams
56%
Le fiancé d'Ursula Sean Penn
56%
Cecilia Monroe actrice avec Joey (qu'il remplace) Susan Sarandon
56%
Petit ami de Phoebe militaire (marine) Charlie Sheen
50%
strip-teaseuse homme (pour Phoebe) Danny DeVito
50%
Co-locatrice de Joey Elle Macpherson
50%
Jack Geller Elliott Gould
50%
Pete Becker milliardaire de Monica Jon Favreau
50%
Parker (photo mentale) Alec Baldwin
44%
Malcolm, harceleur d'Ursula (Mari de Monica) David Arquette
44%
David (Minsk) Hank Azaria
44%
Eddie (coloc cinglé) Adam Goldberg
39%
Star que Joey rencontre à Londres Sarah Ferguson
39%
Missy Goldberg, ancienne camarade de Ross et Chandler (dr Grey) Ellen Pompeo
33%
Richard Crosby partenaire de Joey Gary Oldman
33%
Passager de l'avion avec Rachel Hugh Laurie
33%
Dr. Jeffrey Rosen (urgence) Noah Wyle
33%
Fan cinglé de Joey (Saleme) Brooke Shields
28%
fantasme de Ross sur sa carte avant de la plastifié Isabella Rossellini
28%
Amanda ex coloc de Monica et Phoebe (2 brooke girl) Jennifer Coolidge
28%
maman de Chandler Morgan Fairchild
28%
Patron de Rachel (marque connue) Ralph Lauren
28%
Melissa Warburton, colocataire de faculté de Rachel (noix de coco) Winona Ryder
28%
client central Perk (sur le canapé) Billy Crystal
22%
surprend Joey dans sa loge Charlton Heston
22%
Ben Cole Sprouse
22%
Petite fille dans la maison de Monica et Chandler Dakota Fanning
22%
Earl (du toner?) Jason Alexander
22%
Journaliste (NCIS) Sacha Alexander
22%
Franck Jr GIOVANNI RIBISI
22%
confond Phoebe avec Ursula (Twister) Helen Hunt
22%
directeur d'audition (Joey se soulage sur lui) Jeff Goldblum
22%
Mindy Jennifer Grey
22%
Zack, collègue de Chandler (fête à la maison) John Stamos
22%
Vendeur de chapeaux à Londres Richard Branson
22%
Wendy de Tulsa Selma Blair
22%
Sandy, le nounou Freddie Prinze Jr.
17%
petite amie de Joey (Désespérate) Kristin Davis
17%
Katie petite amie de Joey( Punky Brewster) Soleil Moon Frye
17%
Mère porteuse ANNA FARIS
11%
figurant du central perk (surnomé la Torpille aux JO) Ian Thorpe
11%
Mari gay de Phoebe Steve Zahn
11%
Actrice de théâtre Joey tombe amoureux d'elle Dina Meyer
6%
Client de Phoebe - dîne avec Rachel Jon Lovitz
6%
un des 2 loubards (21 jump street) Peter DeLuise
0%
Maitresse de Chandler (Experts Manhattan) Sofia Milos
0%
No matching quizzes found
Score Distribution
Percent of People with Each Score
Percentile by Number Answered
Your Score History
You have not taken this quiz